00886cam a2200289 a 45000010008000000030006000080050017000140080041000310100016000720200039000880200015001270350016001420400023001580500023001810820012002042450113002162500012003292600044003413000031003853360026004163370028004423380027004705000022004976500029005196500021005487000027005692621569CaAEU20210624053814.0990318s2000 maua 1 0 eng  a 99061999 a0312171374 (pbk. : acidfree paper) a0312249500 aocm42267484 aDLCbengcDLCdDLC00aPN6014b.C623 200000a80822104aThe compact Bedford introduction to literature :breading, thinking, writing /c[compiled by] Michael Meyer. a5th ed. aBoston :bBedford/St. Martin's,cc2000. axxxviii, 1588 p. ;c24 cm. atextbtxt2rdacontent aunmediatedbn2rdamedia avolumebnc2rdacarrier aIncludes indexes. 0aLiteraturevCollections. 0aCollege readers.1 aMeyer, Michael,d1945-